Responses for show #6588 - Wednesday, April 17, 2013

Contestants

Michelle Martin, a journalist from Chicago, Illinois

Shawn Selby, an adjunct history professor from Canton, Ohio

Gary Roberts, a defense consultant from Suffolk, Virginia (whose 1-day cash winnings total $25,601)

Jeopardy! Round responses

DR. SEUSS ON THE 11 O'CLOCK NEWS
BANKRUPT!
ON "EDGE"
POP CULTURE
INTERNATIONAL AFFAIRS
BLENDER SETTINGS
    $200 3
Horton

Shawn
    $200 26
Enron

Gary
    $200 12
a hedgehog

Gary
    $200 2
Alfred Hitchcock

Michelle
    $200 1
free trade

Shawn
    $200 22
chop

Michelle
    $400 18
Sam-I-Am

Michelle
    $400 27
Hostess

Gary
    $400 13
a ledger

Gary
    $400 4
Snoop Dogg

Shawn
    $400 6
an Iron Curtain

Shawn
    $400 23
(Shawn: What is weed?)

whip

ShawnMichelle
    $600 19
the Cat in the Hat

Michelle
    $600 28
Washington Mutual

Shawn
    $600 14
a sledgehammer

Gary
    $600 5
Modern Family

Gary
    $600 9
(John) Allen

Gary
    $600 17
the beat

Triple Stumper
    $800 20
Yertle the Turtle

Michelle
    $800 29
a railroad

Gary
    $800 15
edgewise

Gary
    $800 7
the Dog Whisperer (Cesar Millan)

Shawn
    $800 10
the Organization of American States

Gary
    $800 24
(Shawn: [no response])

grate

Shawn
Triple Stumper
    $1000 21
Mulberry Street

Michelle
    $1000 30
Pacific Gas & Electric

Gary
    $1000 16
sedge

Michelle
    $1000 8
Mötley Crüe

Shawn
    $1,000 11
(Gary: What is a multipolar world?)

balance of power

Gary
    $1000 25
stir

Michelle

Scores at the first commercial break (after clue 14):

Gary Shawn Michelle
$2,200 $3,000 $200

Scores at the end of the Jeopardy! Round:

Gary Shawn Michelle
$5,400 $2,400 $5,600

Double Jeopardy! Round responses

AVIATION PIONEERS
BOOKS THAT CHANGED AMERICA
(Alex: We want a singer's name as your response...)
ON LEAD VOCALS
WHAT ARE YA...YELLOW?
BEFORE & AFTER
SWITZERLAND
    $400 1
the Wright Brothers

Gary
    $400 16
(Gary: What's environmental change?)

climate change

GaryMichelle
    $400 23
Steven Tyler

Shawn
    $400 9
a ribbon

Shawn
    $400 19
Wheel of Fortune cookie

Gary
    $400 6
neutrality

Shawn
    $800 2
the Alps

Shawn
    $800 17
(Dr.) Spock

Gary
    $800 24
(Michelle: Who is Glenn Frey?)

Don Henley

Michelle
Triple Stumper
    $800 12
a yellowjacket

Michelle
    $800 20
hat trick-or-treat

Shawn
    $800 7
the United Nations

Shawn
    $1200 3
Charles Rolls

Triple Stumper
    $600 18
Thoreau

Gary
    $1200 25
Steve Perry

Shawn
    $1200 13
saffron

Shawn
    $1200 28
Saint Paul Simon

Gary
    $1200 8
cantons

Michelle
    $1600 4
a helicopter

Gary
    $1600 21
Hull House

Michelle
    $1600 26
Dave Grohl

Triple Stumper
    $1600 14
jaundice

Gary
    $1600 29
sudden death warrant

Michelle
    $1600 10
bacteria

Triple Stumper
    $1,600 5
(Gary: Who is Howard Hughes?)

William Boeing

Gary
    $2000 22
(de) Tocqueville

Shawn
    $2000 27
David Lee Roth

Shawn
    $2000 15
yellowcake

Michelle
    $2000 30
Jesse James Carville

Michelle
    $2000 11
CERN

Gary

Scores at the end of the Double Jeopardy! Round:

Gary Shawn Michelle
$12,000 $12,400 $14,400

[wagering suggestions for these scores]

Final Jeopardy! Round responses

1960s TELEVISION
GaryWhat is The Beverly Hillbillies
$12,000
ShawnWhat is The Flintstones
$6,501
MichelleWhat is The Flintstones?
$10,400
The Flintstones

Final scores:

Gary Shawn Michelle
$0 $18,901 $24,800
3rd place: $1,000 2nd place: $2,000 New champion: $24,800

Game dynamics:

Coryat scores:

Gary Shawn Michelle
$15,200 $12,400 $14,400
19 R
(including 1 DD),
3 W
(including 2 DDs)
17 R,
2 W
16 R,
1 W

Combined Coryat: $42,000

The J! Archive is created by fans, for fans. The Jeopardy! game show and all elements thereof, including but not limited to copyright and trademark thereto, are the property of Jeopardy Productions, Inc. and are protected under law. This website is not affiliated with, sponsored by, or operated by Jeopardy Productions, Inc. Join the discussion at JBoard.tv.